000 00915nam a2200217Ii 4500
003 JO-AjNU
008 230605s9999||||xx |||||||||||||| ||und||
017 _a2008/4/1327
040 _aJO-AjNU
_bara
_erda
_cJO-AjNU
041 _aara
050 1 4 _aKZ6310.E38.2009
100 3 _aتأليف العيسى، طلال ياسين ؛ علي جبار الحسيناوي,
_eauthor
_945931
245 0 0 _aالمحكمة الجنائية الدولية : دراسة قانونية
250 _aالطبعة العربية
264 3 1 _aعمان : دار اليازوري، 2009
300 _a304ص
_bيشتمل على ببلوغرافية ص (293 -302 )
336 _atext
_btxt
_2rdacontent
337 _aunmediated
_bn
_2rdamedia
338 _avolume
_bnc
_2rdacarrier
650 4 _aالقانون الدولي الجنائي -- المحاكم الدولية -- المحكمة الجنائية الدولية
_945932
999 _aA19945
_c23513
_d23513